00743nas a2200229Ia 4500001002700000003001000027008004100037040002500078041001300103100003900116210001800155222001800173245005700191250001100248260000900259501012300268300001500391362002400406500004100430650003100471700001100502A50/R024-7885 [r000005103]IT-MiCISF161014c99999999xx |||||||||||| ||und|| aIT-MiCISFcIT-MiCISF aITALIANO aOrganizzazione delle Nazioni Unite aFamiglia oggi aFamiglia oggi 0aConvenzione internazionale sui diritti dell'infanzia a1a ed. c1990 bCISF - Centro Internazionale Studi Famiglia - Via Giotto, 36 20145 MILANO (non commercial uses only)cCopyright 2016 app. 98-110 a44, mar-apr. [1990] a Tema: diritti-bambino, legislazione aetà evolutivavdocumento aAA.VV.